000 00604nam a2200169 4500
001 144031
003 ES-MaACL
005 20230906200929.0
007 t|
008 070214s1973 sp r ||||1| spa d
100 1 _aSimón Segura, Francisco.
_9106551
245 1 3 _aLa desamortización española en el siglo XIX /
_cFrancisco Simón Segura.
260 _a[Madrid] :
_bInstituto de Estudios Fiscales,
_c1973 (
_fImp. Fabrica Nacional de Moneda y Timbre)
300 _a328 p. ;
_c19 cm +
_e4 h. pleg.
710 2 _aInstituto de Estudios Fiscales (España)
_9169207
852 _aES-MaACL
_jE-5951
_bR.90495
999 _c144031
_d144031